Проектирование и эксплуатация поточных линий в серийном производстве машин и приборов

التفاصيل البيبلوغرافية
المؤلف الرئيسي: Вильдавский И. М. Исаак Матвеевич
اللغة:الروسية
منشور في: Москва, Машгиз, 1962
الموضوعات:
التنسيق: كتاب
KOHA link:https://koha.lib.tpu.ru/cgi-bin/koha/opac-detail.pl?biblionumber=292149

MARC

LEADER 00000nam0a2200000 4500
001 292149
005 20231102000451.0
035 |a (RuTPU)RU\TPU\book\316763 
090 |a 292149 
100 |a 20150420d1962 k y0rusy50 ca 
101 0 |a rus 
102 |a RU 
105 |a a z 001zy 
200 1 |a Проектирование и эксплуатация поточных линий в серийном производстве машин и приборов  |f И. М. Вильдавский 
210 |a Москва  |c Машгиз  |d 1962  |a Ленинград 
215 |a 220 с.  |c ил. 
320 |a Библиогр.: с. 217-218. 
606 1 |a Машиностроение  |x Серийное производство  |2 stltpush  |3 (RuTPU)RU\TPU\subj\41467  |9 61257 
610 1 |a поточные линии 
610 1 |a проектирование 
610 1 |a эксплуатация 
610 1 |a приборостроительное производство 
610 1 |a поточная технология 
610 1 |a поточная сборка 
675 |a 621.002:658.524  |v 3 
700 1 |a Вильдавский  |b И. М.  |g Исаак Матвеевич 
801 1 |a RU  |b 63413507  |c 20150420 
801 2 |a RU  |b 63413507  |c 20150421  |g RCR 
942 |c BK